[Event "4NCL/Div1/WGR1 vs. SLO1"]
[Site "Birmingham ENG"]
[Date "2001.11.25"]
[Round "4.6"]
[White "Houska, Miroslav"]
[Black "Karolyi, Tibor"]
[Result "1/2-1/2"]
[WhiteElo "2293"]
[BlackElo "2415"]
[PlyCount "35"]
[EventDate "2001.11.25"]
[SourceDate "2001.01.01"]

1. d4 d5 2. c4 dxc4 3. Nf3 c5 4. d5 e6 5. e4 exd5 6. exd5 a6 7. a4 Nf6 8. Bxc4
Bd6 9. O-O O-O 10. h3 Bf5 11. Nc3 h6 12. Bd3 Bxd3 13. Qxd3 Nbd7 14. Re1 Qc7 15.
a5 Rfe8 16. Bd2 Rxe1+ 17. Rxe1 Re8 18. Rxe8+ 1/2-1/2

[Event "4NCL/Div1/WGR1 vs. SLO1"]
[Site "Birmingham ENG"]
[Date "2001.11.25"]
[Round "4.7"]
[White "Martin, Andrew D"]
[Black "Smith, Andrew P"]
[Result "1-0"]
[WhiteElo "2443"]
[BlackElo "2216"]
[PlyCount "82"]
[EventDate "2001.11.25"]
[SourceDate "2001.01.01"]

1. d4 a6 2. e4 b5 3. Nf3 Bb7 4. Bd3 Nf6 5. Qe2 e6 6. O-O c5 7. c3 Be7 8. Nbd2
cxd4 9. cxd4 d6 10. a4 b4 11. a5 Nbd7 12. Nb3 O-O 13. Bd2 d5 14. e5 Ne4 15. Be3
f6 16. exf6 Bxf6 17. Rac1 Qb8 18. Nfd2 Qd6 19. f4 Rfc8 20. Ra1 Rf8 21. Nf3 Be7
22. Ne5 Nxe5 23. fxe5 Qd7 24. Rxf8+ Bxf8 25. Qg4 Rc8 26. Nd2 Nxd2 27. Bxd2 Rc7
28. Rf1 Qe8 29. Qe2 Rc6 30. h4 Be7 31. Qe1 Qh5 32. Bxb4 Rc7 33. Bxe7 Rxe7 34.
Qf2 Qe8 35. Qc2 g6 36. Rf6 Rf7 37. Bxg6 hxg6 38. Qxg6+ Kf8 39. Qh6+ Ke7 40.
Rxe6+ Kd7 41. Rxe8 Kxe8 1-0

[Event "4NCL/Div1/WGR1 vs. SLO1"]
[Site "Birmingham ENG"]
[Date "2001.11.25"]
[Round "4.8"]
[White "Chevannes, Sabrina"]
[Black "Heidenfeld, Mark"]
[Result "0-1"]
[WhiteElo "1824"]
[BlackElo "2382"]
[PlyCount "118"]
[EventDate "2001.11.25"]
[SourceDate "2001.01.01"]

1. d4 d6 2. Nf3 Bg4 3. e4 c6 4. Be2 Nf6 5. Nbd2 d5 6. exd5 Nxd5 7. Nb3 e6 8.
Ne5 Bxe2 9. Qxe2 Nd7 10. O-O Be7 11. c3 Qc7 12. Nxd7 Qxd7 13. Nd2 c5 14. dxc5
Bxc5 15. Ne4 Be7 16. Rd1 Qc6 17. Qg4 O-O-O 18. Qe2 f6 19. Rd4 Kb8 20. a4 e5 21.
Rd1 Nb6 22. Ng3 g6 23. a5 Rxd1+ 24. Qxd1 Rd8 25. Qe1 Nd5 26. Bd2 Qb5 27. b4 Qd3
28. Nf1 Bf8 29. Rc1 Rc8 30. Ng3 a6 31. Qe2 Qxe2 32. Nxe2 Rc4 33. Ng3 f5 34. Nf1
Kc7 35. Ne3 Nxe3 36. Bxe3 Bg7 37. Kf1 e4 38. Bd2 Be5 39. h3 Kc6 40. Ke2 Kb5 41.
Rd1 Rc7 42. Be1 Kc4 43. g3 Re7 44. Rc1 Rd7 45. Bd2 Rd3 46. Rc2 h5 47. h4 Bg7
48. Rc1 Rxd2+ 49. Kxd2 Bh6+ 50. Kc2 Bxc1 51. Kxc1 Kxc3 52. Kd1 Kxb4 53. Ke2
Kxa5 54. Ke3 b5 55. Kf4 b4 56. Kg5 b3 57. Kxg6 b2 58. Kxh5 b1=Q 59. Kg5 Qf1 0-1

[Event "4NCL/Div1/BRI1 vs. BAR1"]
[Site "Birmingham ENG"]
[Date "2001.11.25"]
[Round "4.1"]
[White "Ansell, Simon"]
[Black "Parker, Jonathan"]
[Result "0-1"]
[WhiteElo "2396"]
[BlackElo "2539"]
[PlyCount "106"]
[EventDate "2001.11.25"]
[SourceDate "2001.01.01"]

1. e4 e5 2. Nf3 Nc6 3. Bb5 Nf6 4. O-O Bc5 5. c3 O-O 6. d4 Bb6 7. dxe5 Nxe4 8.
Qd5 Nc5 9. Re1 Ne7 10. Qd1 d5 11. exd6 cxd6 12. Bg5 Ne6 13. Bh4 f6 14. Na3 Kh8
15. Nc4 Bc7 16. Bg3 a6 17. Nxd6 Bxd6 18. Qxd6 axb5 19. Rxe6 Bxe6 20. Qxe6 Re8
21. Qe2 Qd7 22. Rd1 Nf5 23. Qc2 Qe6 24. a3 Rad8 25. Rxd8 Rxd8 26. h3 Qd5 27.
Kh2 Re8 28. a4 Qe4 29. Qxe4 Rxe4 30. axb5 Re2 31. b3 Rb2 32. b4 Rb3 33. Nd2
Rxc3 34. Ne4 Rb3 35. Nc5 Rxb4 36. Nxb7 Nxg3 37. Kxg3 Rxb5 38. Nd6 Rb2 39. Nc4
Ra2 40. Ne3 Kg8 41. Kf3 Kf7 42. g4 Ke6 43. h4 g6 44. Kg3 Ra3 45. Kf4 Ra4+ 46.
Kg3 Ke5 47. Ng2 f5 48. gxf5 gxf5 49. Ne1 Ra3+ 50. f3 h5 51. Ng2 Ra4 52. Kh3 f4
53. Kh2 Ra3 0-1

[Event "4NCL/Div1/BRI1 vs. BAR1"]
[Site "Birmingham ENG"]
[Date "2001.11.25"]
[Round "4.2"]
[White "Knott, Simon"]
[Black "Buckley, Graeme"]
[Result "1/2-1/2"]
[WhiteElo "2383"]
[BlackElo "2409"]
[PlyCount "192"]
[EventDate "2001.11.25"]
[SourceDate "2001.01.01"]

1. c4 g6 2. Nc3 Bg7 3. d4 Nf6 4. e4 d6 5. Nf3 O-O 6. Be2 e5 7. O-O Nbd7 8. Qc2
c6 9. Rd1 Qe7 10. d5 Ne8 11. dxc6 bxc6 12. b4 Ndf6 13. a4 Rb8 14. b5 c5 15. Bg5
Bb7 16. Nd5 Bxd5 17. cxd5 h6 18. Bd2 Nh7 19. Bd3 Qd7 20. Be1 h5 21. Rdb1 Nc7
22. Ra3 Bf6 23. Rab3 Bd8 24. a5 Na8 25. Bc3 f5 26. Nd2 h4 27. Nc4 h3 28. g3 Ng5
29. exf5 Nf3+ 30. Kh1 gxf5 31. b6 axb6 32. axb6 Nd4 33. Bxd4 cxd4 34. f3 Kg7
35. b7 Nc7 36. Na5 Nxd5 37. Nc6 Bc7 38. Nxb8 Bxb8 39. Bb5 Qe7 40. Qc6 Nc3 41.
Re1 Rf7 42. Bf1 Qc7 43. Qxc7 Rxc7 44. Bxh3 d3 45. Rb2 Kf6 46. g4 e4 47. gxf5 d5
48. fxe4 dxe4 49. Bg4 Rc6 50. Ra1 Nd5 51. Ra8 Rc1+ 52. Kg2 Rc2+ 53. Rxc2 dxc2
54. Ra1 Nf4+ 55. Kf2 Nd3+ 56. Ke3 c1=Q+ 57. Rxc1 Nxc1 58. Kxe4 Bxh2 59. Bd1 Na2
60. Bb3 Nb4 61. Be6 Na6 62. Bc8 Bb8 63. Kd5 Nc7+ 64. Ke4 Ke7 65. Ke5 Ne8+ 66.
Kd5 Nf6+ 67. Kc6 Kd8 68. Be6 Bg3 69. Bc4 Bb8 70. Be6 Ke7 71. Bc8 Kf8 72. Be6
Kg7 73. Bc8 Kh6 74. Be6 Kg5 75. Bc8 Kf4 76. Be6 Ke5 77. Bc8 Ng8 78. Be6 Ne7+
79. Kd7 Kf6 80. Kd8 Bf4 81. Kd7 Bg3 82. Kd8 Nc6+ 83. Kd7 Nb8+ 84. Kd8 Bf4 85.
Bd7 Be5 86. Kc8 Ke7 87. Bb5 Bd6 88. Ba4 Kf6 89. Bd7 Ke5 90. Kd8 Kf6 91. Kc8 Bg3
92. Kd8 Be5 93. Kc8 Ke7 94. Bb5 Bh2 95. Ba4 Na6 96. Bb5 Nb8 1/2-1/2

[Event "4NCL/Div1/BRI1 vs. BAR1"]
[Site "Birmingham ENG"]
[Date "2001.11.25"]
[Round "4.3"]
[White "Sherwin, James T"]
[Black "Crouch, Colin S"]
[Result "1/2-1/2"]
[WhiteElo "2345"]
[BlackElo "2375"]
[PlyCount "46"]
[EventDate "2001.11.25"]
[SourceDate "2001.01.01"]

1. d4 Nf6 2. Nf3 b6 3. c4 Bb7 4. Nc3 e6 5. a3 Ne4 6. Nxe4 Bxe4 7. Bg5 Be7 8.
Bxe7 Qxe7 9. e3 O-O 10. Bd3 Bxd3 11. Qxd3 f5 12. O-O d6 13. e4 Nd7 14. exf5
exf5 15. Rfe1 Qf6 16. Re2 Rae8 17. Rae1 Rxe2 18. Qxe2 h6 19. Qe7 Ne5 20. Qxf6
Nxf3+ 21. gxf3 Rxf6 22. Re7 Rf7 23. Re8+ Rf8 1/2-1/2

[Event "4NCL/Div1/BRI1 vs. BAR1"]
[Site "Birmingham ENG"]
[Date "2001.11.25"]
[Round "4.4"]
[White "Palliser, Richard"]
[Black "Beaumont, Chris"]
[Result "1/2-1/2"]
[WhiteElo "2443"]
[BlackElo "2300"]
[PlyCount "111"]
[EventDate "2001.11.25"]
[SourceDate "2001.01.01"]

1. d4 Nf6 2. Nf3 g6 3. Nc3 d5 4. Bf4 Bg7 5. e3 O-O 6. Be2 c5 7. Ne5 Nc6 8. O-O
Nd7 9. Nf3 cxd4 10. exd4 Nf6 11. Ne5 Nd7 12. Nxd5 Ndxe5 13. dxe5 Nxe5 14. Re1
Be6 15. Bf1 Qxd5 16. Qxd5 Bxd5 17. Bxe5 Bxe5 18. Rxe5 Be6 19. Rd1 Rfd8 20.
Rxd8+ Rxd8 21. Bd3 Kf8 22. Kf1 Bd5 23. f4 e6 24. a4 Ke7 25. a5 b6 26. Re1 Kd6
27. Ra1 Rc8 28. axb6 axb6 29. Ra6 Rxc2 30. Rxb6+ Kc7 31. Bxc2 Kxb6 32. g4 Kc5
33. g5 Kd4 34. Kf2 e5 35. fxe5 Kxe5 36. Ke3 f6 37. gxf6 Kxf6 38. Kd4 Bc6 39. b4
Bb5 40. Bb3 h5 41. Bd1 Kg5 42. Bc2 Be8 43. Ke3 Kh4 44. Kf2 Kh3 45. Kg1 g5 46.
Bd3 g4 47. b5 Bxb5 48. Bxb5 g3 49. Bf1+ Kg4 50. h3+ Kg5 51. Kg2 h4 52. Kf3 Kg6
53. Bg2 Kg5 54. Ke4 Kg6 55. Ke5 Kg7 56. Kf5 1/2-1/2

[Event "4NCL/Div1/BRI1 vs. BAR1"]
[Site "Birmingham ENG"]
[Date "2001.11.25"]
[Round "4.5"]
[White "Burgess, Graham"]
[Black "Kelly, Brian"]
[Result "0-1"]
[WhiteElo "2298"]
[BlackElo "2445"]
[PlyCount "62"]
[EventDate "2001.11.25"]
[SourceDate "2001.01.01"]

1. d4 d5 2. c4 c6 3. Nf3 Nf6 4. Nc3 e6 5. Bg5 h6 6. Bh4 dxc4 7. e4 g5 8. Bg3 b5
9. Be2 Bb4 10. O-O Bxc3 11. bxc3 Nxe4 12. Qc2 Nxg3 13. fxg3 Nd7 14. Qe4 Qc7 15.
Nh4 gxh4 16. Bh5 Qd6 17. Qxh4 Qe7 18. Qg4 Rf8 19. Rae1 Kd8 20. Qf3 Kc7 21. Bxf7
Nb6 22. Qh5 Bd7 23. h4 Nd5 24. g4 Rh8 25. Qe5+ Qd6 26. g5 hxg5 27. hxg5 Rh4 28.
g6 Qxe5 29. Rxe5 Rg4 30. Rf3 Kd6 31. g3 c5 0-1

[Event "4NCL/Div1/BRI1 vs. BAR1"]
[Site "Birmingham ENG"]
[Date "2001.11.25"]
[Round "4.6"]
[White "Ferguson, Mark"]
[Black "Cobb, Charles"]
[Result "1/2-1/2"]
[WhiteElo "2376"]
[BlackElo "2297"]
[PlyCount "75"]
[EventDate "2001.11.25"]
[SourceDate "2001.01.01"]

1. e4 e6 2. d4 d5 3. Nd2 Be7 4. Bd3 c5 5. dxc5 Nf6 6. exd5 Qxd5 7. Ngf3 Nbd7 8.
O-O Nxc5 9. Bc4 Qd6 10. Qe2 O-O 11. Nb3 b6 12. Re1 Bb7 13. Be3 Nxb3 14. Rad1
Qc7 15. Bxb3 Ng4 16. h3 Nxe3 17. Qxe3 Bc5 18. Qe2 Qf4 19. Qe5 Qf6 20. Rd3 Rad8
21. Red1 Be7 22. Rxd8 Rxd8 23. Rxd8+ Bxd8 24. Qb5 g6 25. Ne5 Kg7 26. Nd3 Bc7
27. Qd7 Qg5 28. g3 Qh5 29. Nf4 Qf3 30. Nxe6+ Kh6 31. Kf1 fxe6 32. Qxe6 Kg7 33.
Qd7+ Kh6 34. Bg8 Qh1+ 35. Ke2 Qf3+ 36. Kf1 Qh1+ 37. Ke2 Qf3+ 38. Kf1 1/2-1/2

[Event "4NCL/Div1/BRI1 vs. BAR1"]
[Site "Birmingham ENG"]
[Date "2001.11.25"]
[Round "4.7"]
[White "McFarland, Robert S"]
[Black "Rogers, Jonathan W"]
[Result "1/2-1/2"]
[WhiteElo "2280"]
[BlackElo "2346"]
[PlyCount "45"]
[EventDate "2001.11.25"]
[SourceDate "2001.01.01"]

1. Nf3 c5 2. c4 g6 3. g3 Bg7 4. Bg2 Nc6 5. e3 d6 6. O-O e6 7. d4 Nge7 8. Nc3
O-O 9. a3 Na5 10. dxc5 dxc5 11. Qc2 Qb6 12. Nd2 Bd7 13. Rb1 Rac8 14. Rd1 Bc6
15. b3 Bxg2 16. Kxg2 Qc6+ 17. Kg1 f5 18. Bb2 a6 19. Nb5 Qb6 20. Bxg7 Kxg7 21.
Qb2+ Kg8 22. Nc3 Qc7 23. Nf3 1/2-1/2

[Event "4NCL/Div1/BRI1 vs. BAR1"]
[Site "Birmingham ENG"]
[Date "2001.11.25"]
[Round "4.8"]
[White "Lauterbach, Ingrid"]
[Black "Buckley, Melanie"]
[Result "1/2-1/2"]
[WhiteElo "2127"]
[BlackElo "2146"]
[PlyCount "55"]
[EventDate "2001.11.25"]
[SourceDate "2001.01.01"]

1. e4 e6 2. d3 d5 3. Nd2 Nf6 4. g3 Nc6 5. Bg2 e5 6. Ngf3 dxe4 7. dxe4 Bc5 8.
O-O O-O 9. c3 a5 10. Qc2 b6 11. Nb3 Bd6 12. Rd1 Qe7 13. a4 Rd8 14. Be3 Be6 15.
Nbd2 Ng4 16. Nf1 Bc5 17. Qe2 Rxd1 18. Rxd1 Nxe3 19. Nxe3 Bxe3 20. Qxe3 Bb3 21.
Ra1 Rd8 22. Nd2 Bc2 23. Bf1 Qd7 24. Nf3 Qe6 25. Nd2 Qd7 26. Nf3 Qe6 27. Nd2 Qd7
28. Nf3 1/2-1/2

[Event "4NCL/Div1/BGR2 vs. WGR2"]
[Site "Birmingham ENG"]
[Date "2001.11.25"]
[Round "4.1"]
[White "Richardson, John R"]
[Black "Littlewood, Paul E"]
[Result "1/2-1/2"]
[WhiteElo "2308"]
[BlackElo "2403"]
[PlyCount "73"]
[EventDate "2001.11.25"]
[SourceDate "2001.01.01"]

1. d4 Nf6 2. c4 g6 3. g3 Bg7 4. Bg2 O-O 5. Nc3 d6 6. Nf3 c6 7. O-O Qa5 8. d5
Bd7 9. e4 Bg4 10. h3 Bxf3 11. Qxf3 Qa6 12. Qe2 Re8 13. Be3 e6 14. dxc6 bxc6 15.
e5 dxe5 16. Rfd1 Nbd7 17. Rd6 Rec8 18. Rad1 Nf8 19. Qf3 Qxc4 20. Rxc6 Qb4 21.
Rd2 e4 22. Nxe4 Nd5 23. Rxc8 Rxc8 24. a3 Qe7 25. b4 Nd7 26. Bd4 Bxd4 27. Rxd4
f5 28. Nd2 Qf6 29. Rc4 Re8 30. Qe2 Qe5 31. Qxe5 Nxe5 {(=)} 32. Rc5 Re7 33. Nb3
Kf7 34. Ra5 Nc6 35. Ra6 Nb8 36. Ra5 Nc6 37. Ra6 1/2-1/2

[Event "4NCL/Div1/BGR2 vs. WGR2"]
[Site "Birmingham ENG"]
[Date "2001.11.25"]
[Round "4.2"]
[White "Pein, Malcolm"]
[Black "Graham, David B"]
[Result "1-0"]
[WhiteElo "2424"]
[BlackElo "2254"]
[PlyCount "109"]
[EventDate "2001.11.25"]
[SourceDate "2001.01.01"]

1. d4 d6 2. e4 Nf6 3. Nc3 g6 4. Be3 Bg7 5. Qd2 c6 6. Nf3 Bg4 7. Be2 O-O 8. O-O
Nbd7 9. a4 Qc7 10. h3 Bxf3 11. Bxf3 e5 12. a5 b5 13. axb6 axb6 14. dxe5 Nxe5
15. Be2 b5 16. f4 Nc4 17. Bxc4 bxc4 18. Rxa8 Rxa8 19. Rd1 Ne8 20. Bd4 Bxd4+ 21.
Qxd4 Qa7 22. Qxa7 Rxa7 23. Rd4 Rb7 24. Nd1 c3 25. b4 Kf8 26. Nxc3 Ke7 27. Kf2
Nc7 28. Ke3 Na6 29. Na2 Nc7 30. Nc1 d5 31. Nd3 f5 32. exd5 Nxd5+ 33. Kf3 Rb6
34. c4 Nxb4 35. c5 Nc2 36. cxb6 Nxd4+ 37. Ke3 c5 38. b7 Nc6 39. Nxc5 Nb8 40.
Kd4 Kd6 41. Kc4 Kc6 42. g3 h6 43. h4 h5 44. Kd4 Kd6 45. Kc4 Kc6 46. Ne6 Kxb7
47. Kd5 Nd7 48. Nd4 Nf6+ 49. Ke6 Ne4 50. Ne2 Kc6 51. Kf7 Kd5 52. Kxg6 Nd6 53.
Kxh5 Ke4 54. Kg6 Kf3 55. h5 1-0

[Event "4NCL/Div1/BGR2 vs. WGR2"]
[Site "Birmingham ENG"]
[Date "2001.11.25"]
[Round "4.3"]
[White "Broom, Mark"]
[Black "Tiller, Bjorn"]
[Result "1/2-1/2"]
[WhiteElo "2240"]
[BlackElo "2383"]
[PlyCount "38"]
[EventDate "2001.11.25"]
[SourceDate "2001.01.01"]

1. c4 g6 2. g3 Bg7 3. Bg2 e5 4. Nc3 d6 5. e4 Nc6 6. Nge2 f5 7. d3 Nf6 8. O-O
O-O 9. f4 fxe4 10. dxe4 exf4 11. gxf4 Bg4 12. Be3 Qd7 13. Qd2 Be6 14. Nd5 Ng4
15. Bd4 Nxd4 16. Nxd4 Bxd4+ 17. Qxd4 c6 18. h3 cxd5 19. cxd5 Bf7 1/2-1/2

[Event "4NCL/Div1/BGR2 vs. WGR2"]
[Site "Birmingham ENG"]
[Date "2001.11.25"]
[Round "4.4"]
[White "Sowray, Peter J"]
[Black "Shaw, David A"]
[Result "1-0"]
[WhiteElo "2310"]
[BlackElo "2211"]
[PlyCount "49"]
[EventDate "2001.11.25"]
[SourceDate "2001.01.01"]

1. e4 e6 2. Qe2 Be7 3. Nf3 d5 4. d3 c5 5. g3 Nc6 6. Bg2 Nf6 7. e5 Nd7 8. c4
dxc4 9. dxc4 Qc7 10. Bf4 g5 11. Nxg5 Ndxe5 12. O-O Bxg5 13. Bxg5 Nd4 14. Qd1
Nd7 15. Nc3 Rg8 16. Bf4 e5 17. Re1 Kd8 18. Nb5 Qb8 19. Rxe5 Nxe5 20. Nxd4 Bd7
21. Nf3 f6 22. Qd5 Re8 23. Rd1 Qc8 24. Nxe5 fxe5 25. Bg5+ 1-0

[Event "4NCL/Div1/BGR2 vs. WGR2"]
[Site "Birmingham ENG"]
[Date "2001.11.25"]
[Round "4.5"]
[White "Lyell, Mark"]
[Black "Lee, Graham D"]
[Result "0-1"]
[WhiteElo "2180"]
[BlackElo "2338"]
[PlyCount "75"]
[EventDate "2001.11.25"]
[SourceDate "2001.01.01"]

1. e4 e6 2. d4 d5 3. e5 c5 4. c3 Nc6 5. Nf3 Qb6 6. a3 c4 7. Nbd2 Na5 8. Be2 Bd7
9. O-O Be7 10. Rb1 Nh6 11. b4 cxb3 12. c4 Nf5 13. c5 Qc7 14. Bd3 Ba4 15. Qe2 a6
16. Bb2 b6 17. Rfc1 Nxd4 18. Nxd4 bxc5 19. Qg4 O-O 20. Nxe6 fxe6 21. Qxe6+ Kh8
22. Qh3 h6 23. e6 Bg5 24. Nf3 Bxc1 25. Rxc1 Qf4 26. Rxc5 Nc4 27. Bxc4 dxc4 28.
g3 c3 29. Rxc3 Qe4 30. Qxh6+ Kg8 31. Qh5 Qb1+ 32. Kg2 Qxb2 33. Rc4 Qf6 34. Rxa4
b2 35. Rb4 Rab8 36. Rxb8 Rxb8 37. Nd2 Qxe6 38. Qg5 0-1

[Event "4NCL/Div1/BGR2 vs. WGR2"]
[Site "Birmingham ENG"]
[Date "2001.11.25"]
[Round "4.6"]
[White "Law, Andrew P"]
[Black "Cafferty, Bernard"]
[Result "1/2-1/2"]
[WhiteElo "2302"]
[BlackElo "2167"]
[PlyCount "55"]
[EventDate "2001.11.25"]
[SourceDate "2001.01.01"]

1. Nf3 Nf6 2. c4 c5 3. Nc3 Nc6 4. g3 g6 5. Bg2 Bg7 6. O-O O-O 7. d4 cxd4 8.
Nxd4 Ng4 9. e3 d6 10. b3 Nxd4 11. exd4 Nh6 12. Bb2 Rb8 13. Qd2 a6 14. a4 Nf5
15. Nd5 e6 16. Ne3 Nxe3 17. fxe3 d5 18. Kh1 b6 19. Rac1 dxc4 20. bxc4 Qd7 {(=)}
21. a5 Bb7 22. Ba3 Bxg2+ 23. Qxg2 Rfc8 24. axb6 Rxb6 25. Rc3 e5 26. d5 e4 27.
Rc2 Rb3 28. Bc1 1/2-1/2

[Event "4NCL/Div1/BGR2 vs. WGR2"]
[Site "Birmingham ENG"]
[Date "2001.11.25"]
[Round "4.7"]
[White "Richards, Heather S"]
[Black "Norris, Alan"]
[Result "1/2-1/2"]
[WhiteElo "2212"]
[BlackElo "2307"]
[PlyCount "81"]
[EventDate "2001.11.25"]
[SourceDate "2001.01.01"]

1. e4 e6 2. d4 d5 3. Nc3 dxe4 4. Nxe4 Nd7 5. Bd3 Ngf6 6. Qe2 c5 7. Nxf6+ Nxf6
8. dxc5 Bxc5 9. Nf3 Qb6 10. O-O O-O 11. c3 Bd7 12. Ne5 Rfd8 13. Bg5 Be7 14.
Bxh7+ Kf8 15. Bd3 Be8 16. Rad1 Rd5 17. Bc4 Rxd1 18. Rxd1 Rd8 19. Rxd8 Qxd8 20.
h3 Qc7 21. Bb3 b5 22. Bf4 Bd6 23. g4 Kg8 24. Qe3 a5 25. Nd3 Bxf4 26. Qxf4 Qd8
27. Ne5 Qd6 28. Qe3 Bc6 29. Nxc6 Qxc6 30. Qd3 Nd7 31. Bc2 g6 32. Qe4 Qc7 33.
Qd4 Ne5 34. Be4 g5 35. Bg2 b4 36. Qe3 f6 37. cxb4 axb4 38. a3 Qc2 39. axb4 Qxb2
40. Kh2 Qxb4 41. Qe4 1/2-1/2

[Event "4NCL/Div1/BGR2 vs. WGR2"]
[Site "Birmingham ENG"]
[Date "2001.11.25"]
[Round "4.8"]
[White "Jackson, Sheila A"]
[Black "Anderton, David W"]
[Result "1/2-1/2"]
[WhiteElo "2183"]
[BlackElo "2230"]
[PlyCount "102"]
[EventDate "2001.11.25"]
[SourceDate "2001.01.01"]

1. e4 e6 2. d4 d5 3. Nd2 Be7 4. Bd3 c5 5. dxc5 Nf6 6. Qe2 Nc6 7. Ngf3 Nb4 8.
O-O O-O 9. Nb3 Nxd3 10. cxd3 a5 11. a4 b6 12. e5 Nd7 13. c6 Nc5 14. Nbd4 f5 15.
Nb5 f4 16. Nfd4 g5 17. Bd2 Rf7 18. Kh1 Qf8 19. Nc7 Rb8 20. b4 axb4 21. Bxb4 Qh6
22. Ncb5 Ra8 23. Nd6 Rf8 24. a5 Ba6 25. Rfd1 Bd8 26. Nb7 f3 27. Nxf3 Rf4 28.
Nxc5 Rxb4 29. axb6 Rxb6 30. Nxa6 Rbxa6 31. Rxa6 Rxa6 32. Qc2 Bc7 33. d4 g4 34.
Nd2 Qf8 35. Nb3 Qb4 36. g3 Rb6 37. Rd3 Qa4 38. Rc3 Kg7 39. Nc5 Qa1+ 40. Kg2 Rb1
41. Nxe6+ Kh8 42. Qxb1 Qxb1 43. Nxc7 Qe4+ 44. Kf1 Qb1+ {(=)} 45. Ke2 Qe4+ 46.
Re3 Qxd4 47. e6 Qc4+ 48. Ke1 Qc1+ 49. Ke2 Qc4+ 50. Ke1 Qc1+ 51. Ke2 Qc4+
1/2-1/2